| 000 | nam a22 7a 4500 | ||
|---|---|---|---|
| 999 |
_c44419 _d44419 |
||
| 003 | OSt | ||
| 005 | 20181008091854.0 | ||
| 008 | 181008b xxu||||| |||| 00| 0 eng d | ||
| 040 | _cIIMT COLLEGE OF POLYTECHNIC | ||
| 100 | _aJAIN, ASHOK K. | ||
| 245 | _aREINFORCED CONCRETE Limit State Design | ||
| 260 |
_aROORKEE _bNEM CHAND & BROS., ROORKEE |
||
| 300 | _a919 | ||
| 942 |
_2ddc _c02 |
||